| 000 | 00846nam a22002417a 4500 | ||
|---|---|---|---|
| 999 |
_c8010 _d8010 |
||
| 003 | AR-CdUCM | ||
| 008 | 190322b ||||| |||| 00| 0 spa d | ||
| 040 |
_aMUNICIPALIDAD PROVINCIAL DEL CUSCO _cBIBLIOTECA MUNICIPAL DEL CUSCO |
||
| 082 |
_a551.2 / _bW44 |
||
| 100 |
_aWellman, Alfred _922628 |
||
| 245 | _aTerremotos y volcanes / | ||
| 260 |
_aSalamanca : _bAnaya, _c1971. |
||
| 300 |
_a48 páginas ; _bilustraciones, figuras, _c21 cm. |
||
| 440 |
_aLa ciencia al descubierto. _922629 |
||
| 505 | _aContenido: La corteza terrestre -- Terremotos -- Ondas sísmicas -- Registrando terremotos -- Volcanes ... | ||
| 650 |
_aVolcanes _922630 |
||
| 650 |
_aTerremotos _922631 |
||
| 650 |
_aPompeya _922632 |
||
| 700 |
_aRowland, Kurt (director) _922633 |
||
| 700 |
_aBlatch, Bernard (ilustración) _922634 |
||
| 942 |
_2ddc _cLIBROS |
||
| 945 | _aachl | ||